Grupos escolares na modernidade mineira (Record no. 190268)

MARC details
000 -LÍDER
campo de controle de tamanho fixo 00420 a2200157 4500
001 - NÚMERO DE CONTROLE
campo de controle 190268
020 ## - ISBN - INTERNATIONAL STANDARD BOOK NUMBER
ISBN - International Standard Book Number 978-85-7516-618-5
040 ## - FONTE DA CATALOGAÇÃO
Instituição que transcreveu o registro Magnum
100 ## - ENTRADA PRINCIPAL--NOME PESSOAL
Nome pessoal Ribeiro, Betânia de Oliveira Laterza
240 10 - TÍTULO UNIFORME
Título uniforme Grupos escolares na modernidade mineira
Idioma da obra por
245 10 - TÍTULO
Título Grupos escolares na modernidade mineira
300 ## - DESCRIÇÃO FÍSICA
Extensão 352
362 0# - DATAS DE PUBLICAÇÃO E/OU DESIGNAÇÃO SEQUENCIAL
Datas de publicação e/ou designação sequencial 2012
697 ## - ENTRADA DE ASSUNTO LOCAL--ENTIDADE COLETIVA (RLIN)
Nome corporativo ou nome da jurisdição EDUCAÇÃO EM GERAL E DISCIPLINAS AFINS
942 ## - ELEMENTOS DE ENTRADA ADICIONADOS (KOHA)
Tipo de material Koha Livros
Holdings
Situação do descarte Situação das perdas Situação física Não pode ser emprestado Biblioteca de origem Biblioteca atual Data de aquisição Total de empréstimos Número de chamada completo Código de barras Data de último acesso Data do preço efetivo Tipo de material Koha
        Magnum Magnum 08/06/2024   370.73 MAG00066409 08/06/2024 08/06/2024 Livros